[Event "4NCL/Div1/MMNWE1 vs. BET"]
[Site "Telford ENG"]
[Date "2004.01.18"]
[Round "4.3"]
[White "Hanley, Craig A"]
[Black "Hunt, Adam C"]
[Result "1-0"]
[WhiteElo "2322"]
[BlackElo "2411"]
[PlyCount "115"]
[EventDate "2004.01.18"]

1. e4 c5 2. Nf3 d6 3. Nc3 a6 4. g3 Nf6 5. Bg2 e5 6. O-O g6 7. d3 Bg7 8. Nh4 O-O
9. f4 exf4 10. Bxf4 h6 11. Nf3 Nc6 12. Kh1 Be6 13. Qd2 Kh7 14. e5 Nh5 15. exd6
Nxf4 16. Qxf4 f5 17. Rae1 Bg8 18. Na4 g5 19. Qe3 Qxd6 20. Qxc5 Qxc5 21. Nxc5
Bxb2 22. Rb1 Bg7 23. Rxb7 Rac8 24. Nxa6 Nd8 25. Rc7 Rxc7 26. Nxc7 Bxa2 27. Nd2
Rf7 28. Nd5 Kg6 29. c4 Ne6 30. Ne4 Be5 31. Nec3 Bxc3 32. Nxc3 Bb3 33. Rb1 Nd4
34. Nb5 Bc2 35. Rb2 Re7 36. h3 Nxb5 37. cxb5 Bxd3 38. b6 Re8 39. b7 Rb8 40.
Rb6+ Kg7 41. Kg1 h5 42. Kf2 f4 43. gxf4 gxf4 44. Kf3 Kf7 45. Kxf4 Ke7 46. Bf3
Kd7 47. Kg5 Kc7 48. Rc6+ Kd7 49. Rf6 Rg8+ 50. Kxh5 Kc7 51. h4 Bb5 52. Kh6 Bd3
53. h5 Kb8 54. Re6 Rf8 55. Bc6 Kc7 56. Re8 Rxe8 57. Bxe8 Be2 58. Bc6 1-0

[Event "4NCL/Div1/MMNWE1 vs. BET"]
[Site "Telford ENG"]
[Date "2004.01.18"]
[Round "4.4"]
[White "Dworakowska, Joanna"]
[Black "Crouch, Colin S"]
[Result "1-0"]
[WhiteElo "2370"]
[BlackElo "2365"]
[PlyCount "91"]
[EventDate "2004.01.18"]

1. e4 c5 2. Nf3 e6 3. d4 cxd4 4. Nxd4 Nc6 5. Nc3 Nf6 6. Nxc6 bxc6 7. e5 Nd5 8.
Ne4 Ba6 9. c4 Bb4+ 10. Bd2 Qh4 11. Qf3 f5 12. Nd6+ Bxd6 13. cxd5 Bxf1 14. dxe6
O-O 15. exd6 Bc4 16. exd7 Bd5 17. Qf4 Qxf4 18. Bxf4 h6 19. f3 Rad8 20. Kf2 Rxd7
21. Rhe1 g5 22. Re7 Rf7 23. Re8+ Rf8 24. Rxf8+ Kxf8 25. Be3 Kf7 26. Bc5 a6 27.
b3 Be6 28. Rd1 Rb7 29. Rd4 a5 30. Ke3 Ke8 31. Rd2 Kd7 32. Kd4 Rb8 33. Ke5 Rf8
34. Kd4 f4 35. Re2 Rb8 36. Re5 a4 37. bxa4 Rb2 38. a3 Rxg2 39. a5 g4 40. a6
gxf3 41. a7 Rg8 42. Re1 f2 43. Rf1 Bd5 44. Rxf2 f3 45. Rb2 Ra8 46. Kc3 1-0

[Event "4NCL/Div1/MMNWE1 vs. BET"]
[Site "Telford ENG"]
[Date "2004.01.18"]
[Round "4.5"]
[White "Kennaugh, Charles W"]
[Black "Ansell, Simon"]
[Result "0-1"]
[WhiteElo "2290"]
[BlackElo "2371"]
[PlyCount "92"]
[EventDate "2004.01.18"]

1. e4 c5 2. Nf3 Nc6 3. d4 cxd4 4. Nxd4 e5 5. Nxc6 bxc6 6. Bc4 Ba6 7. Nd2 Bxc4
8. Nxc4 d6 9. O-O Nf6 10. Qd3 Qc7 11. Bd2 Be7 12. Ba5 Qb8 13. Rfe1 O-O 14. b3
d5 15. exd5 e4 16. Rxe4 Nxe4 17. Qxe4 cxd5 18. Qxd5 Bb4 19. Rd1 Bxa5 20. Qxa5
Rd8 21. Rxd8+ Qxd8 22. Qxd8+ Rxd8 23. Kf1 f5 24. Ke2 Kf7 25. a4 g5 26. c3 Ke6
27. Na3 f4 28. Nb5 Rd7 29. Nd4+ Ke5 30. Nf3+ Kf6 31. g4 fxg3 32. fxg3 g4 33.
Nd4 Ke5 34. Ke3 Rf7 35. b4 Kd5 36. Kd3 Rf2 37. c4+ Kd6 38. Ke4 Rxh2 39. Nb5+
Kd7 40. Nxa7 Rf2 41. c5 h5 42. b5 h4 43. c6+ Kd6 44. b6 h3 45. b7 Rf8 46. Nc8+
Kc7 0-1

[Event "4NCL/Div1/MMNWE1 vs. BET"]
[Site "Telford ENG"]
[Date "2004.01.18"]
[Round "4.6"]
[White "Pert, Richard G"]
[Black "van der Linden, Lukas"]
[Result "1/2-1/2"]
[WhiteElo "2424"]
[BlackElo "2275"]
[PlyCount "69"]
[EventDate "2004.01.18"]

1. e4 c5 2. Nf3 Nc6 3. Bb5 g6 4. Nc3 Bg7 5. O-O e5 6. d3 Nge7 7. a3 O-O 8. Bc4
h6 9. Ne1 d6 10. f4 exf4 11. Bxf4 Kh7 12. Nf3 Be6 13. Nd5 Nd4 14. c3 Nxf3+ 15.
Qxf3 Bxd5 16. exd5 Qd7 17. Rae1 Rae8 18. Re4 Ng8 19. Bg3 Nf6 20. Rf4 Nh5 21.
Rxf7 Rxf7 22. Qxf7 Re7 23. Qf3 Nxg3 24. Qxg3 Be5 25. Qf3 Qe8 26. Qf8 Qxf8 27.
Rxf8 Kg7 28. Rf2 Rf7 29. Re2 h5 30. g3 h4 31. gxh4 Rf4 32. Re4 Kf6 33. Bb5 Rxe4
34. dxe4 Bf4 35. a4 1/2-1/2

[Event "4NCL/Div1/MMNWE1 vs. BET"]
[Site "Telford ENG"]
[Date "2004.01.18"]
[Round "4.7"]
[White "Lund, D Brett"]
[Black "Eames, Robert G"]
[Result "0-1"]
[WhiteElo "2231"]
[BlackElo "2295"]
[PlyCount "68"]
[EventDate "2004.01.18"]

1. c4 f5 2. g3 Nf6 3. Bg2 g6 4. d3 Bg7 5. e4 e5 6. Nc3 O-O 7. Nge2 Nc6 8. O-O
d6 9. Nd5 h6 10. h3 g5 11. exf5 Bxf5 12. Be3 Nxd5 13. Bxd5+ Kh8 14. Bg2 Qd7 15.
Kh2 Nd4 16. Nc3 g4 17. hxg4 Bxg4 18. f3 Bf5 19. Qd2 Kh7 20. f4 Qf7 21. Bxd4
exd4 22. Ne4 Qh5+ 23. Kg1 Qg6 24. Bf3 c6 25. Qh2 Kh8 26. Rae1 d5 27. Bh5 Qh7
28. cxd5 cxd5 29. Nc5 Bxd3 30. Nxd3 Qxd3 31. Re7 Rac8 32. Qh3 Rc6 33. Rd1 Qh7
34. Be2 d3 0-1

[Event "4NCL/Div1/MMNWE1 vs. BET"]
[Site "Telford ENG"]
[Date "2004.01.18"]
[Round "4.8"]
[White "Ledger, Stephen C"]
[Black "Charleshouse, Glenn L"]
[Result "1/2-1/2"]
[WhiteElo "2211"]
[BlackElo "2238"]
[PlyCount "57"]
[EventDate "2004.01.18"]

1. d4 e6 2. Nf3 c5 3. c3 Nf6 4. Bf4 Be7 5. e3 O-O 6. h3 b6 7. Be2 d5 8. Nbd2
Ba6 9. O-O Qc8 10. Ne5 Bxe2 11. Qxe2 Nc6 12. Rac1 c4 13. e4 Nxe5 14. Bxe5 Qc6
15. exd5 exd5 16. Rfe1 Rfe8 17. Qf3 Nd7 18. Bf4 Bd6 19. Bxd6 Qxd6 20. Nf1 Nf6
21. Ne3 g6 22. Re2 Rad8 23. Rce1 Kf8 24. Ng4 Nxg4 25. Qxg4 Rxe2 26. Rxe2 Re8
27. Rxe8+ Kxe8 28. Qc8+ Ke7 29. Qb7+ 1/2-1/2

[Event "4NCL/Div1/AD1 vs. 3CS1"]
[Site "Telford ENG"]
[Date "2004.01.18"]
[Round "4.1"]
[White "Chandler, Murray G"]
[Black "Davies, Nigel R"]
[Result "1/2-1/2"]
[WhiteElo "2508"]
[BlackElo "2502"]
[PlyCount "45"]
[EventDate "2004.01.18"]

1. e4 e5 2. Nf3 Nc6 3. Bb5 a6 4. Ba4 Nf6 5. O-O Be7 6. Re1 b5 7. Bb3 d6 8. c3
O-O 9. h3 Na5 10. Bc2 c5 11. d4 Nd7 12. Nbd2 exd4 13. cxd4 Nc6 14. d5 Nce5 15.
a4 Rb8 16. axb5 axb5 17. Nb3 Nxf3+ 18. Qxf3 Bf6 19. Na5 Qb6 20. Qg3 Bb7 21.
Nxb7 Rxb7 22. Ra2 Be5 23. Qg4 1/2-1/2

[Event "4NCL/Div1/AD1 vs. 3CS1"]
[Site "Telford ENG"]
[Date "2004.01.18"]
[Round "4.2"]
[White "Arkell, Keith C"]
[Black "Mestel, A Jonathan"]
[Result "0-1"]
[WhiteElo "2531"]
[BlackElo "2496"]
[PlyCount "92"]
[EventDate "2004.01.18"]

1. d4 Nf6 2. Nf3 e6 3. c4 c5 4. d5 exd5 5. cxd5 d6 6. Nc3 g6 7. g3 Bg7 8. Bg2
O-O 9. O-O Re8 10. Nd2 a6 11. a4 Nbd7 12. Nc4 Nb6 13. Na3 Bd7 14. a5 Nc8 15.
Nc4 Bb5 16. Qb3 Bxc4 17. Qxc4 b5 18. axb6 Nxb6 19. Qh4 Qc7 20. Bh6 Bh8 21. Bg5
Nfd7 22. Ra2 c4 23. Rfa1 Nc5 24. Ne4 Nxe4 25. Bxe4 c3 26. bxc3 Bxc3 27. Rc1 Qc4
28. Bb1 Qb3 29. Rac2 Bb2 30. Rd1 Rxe2 31. Rd3 Re1+ 32. Kg2 Qb5 33. Rc7 Bg7 34.
Bc2 Nxd5 35. Rc4 Nb6 36. Rc7 Rc8 37. Rxc8+ Nxc8 38. Be3 Qc6+ 39. Kh3 h5 40.
Qd8+ Kh7 41. Bb3 Qe4 42. Bxf7 Ne7 43. Rd5 Rg1 44. Bxg6+ Qxg6 45. Rg5 Qe6+ 46.
Kh4 Ng6+ 0-1

[Event "4NCL/Div1/AD1 vs. 3CS1"]
[Site "Telford ENG"]
[Date "2004.01.18"]
[Round "4.3"]
[White "Snape, Ian"]
[Black "Gordon, Stephen J"]
[Result "1/2-1/2"]
[WhiteElo "2251"]
[BlackElo "2284"]
[PlyCount "66"]
[EventDate "2004.01.18"]

1. c4 e6 2. g3 d5 3. Bg2 Nf6 4. Nf3 dxc4 5. Qc2 Nbd7 6. Qxc4 a6 7. Qc2 c5 8.
O-O b5 9. a4 Bb7 10. axb5 axb5 11. Rxa8 Qxa8 12. Na3 b4 13. Nc4 Be7 14. d3 O-O
15. Bf4 Qa6 16. h3 Nd5 17. Bg5 f6 18. Bc1 Ra8 19. e4 N5b6 20. Nxb6 Nxb6 21. Be3
Qa4 22. Rc1 Qxc2 23. Rxc2 Ra1+ 24. Rc1 Rxc1+ 25. Bxc1 c4 26. dxc4 Nxc4 27. Nd2
{(=)} 27... Ne5 28. Bf1 Bc5 29. Be2 Kf7 30. Kf1 Nd7 31. f3 Bd4 32. Nb3 Be5 33.
Kf2 Ke7 1/2-1/2

[Event "4NCL/Div1/AD1 vs. 3CS1"]
[Site "Telford ENG"]
[Date "2004.01.18"]
[Round "4.4"]
[White "Clarke, Stuart W"]
[Black "Lyell, Mark"]
[Result "1-0"]
[WhiteElo "2310"]
[BlackElo "2272"]
[PlyCount "121"]
[EventDate "2004.01.18"]

1. e4 e5 2. Nf3 Nc6 3. Nc3 f5 4. exf5 Nf6 5. d4 exd4 6. Nxd4 Bb4 7. Be2 O-O 8.
O-O d5 9. Bg5 Nxd4 10. Qxd4 Bxc3 11. bxc3 Bxf5 12. c4 Qe8 13. Bf3 Be4 14. Rfe1
Qg6 15. Bxe4 dxe4 16. Bxf6 Qxf6 17. Rxe4 Rad8 18. Qxf6 Rxf6 19. Kf1 Rd2 20. Re2
Rd4 21. c5 Rc6 22. Rb1 Rxc5 23. Rxb7 Rd1+ 24. Re1 Rd2 25. Re7 Kf8 26. Rexc7
Rxc7 27. Rxc7 a5 28. Rc5 Rd4 29. Rxa5 Rc4 30. Ra7 Rxc2 31. g3 h6 32. h4 Kg8 33.
Kg2 Kh7 34. h5 Rb2 35. Kf3 Rc2 36. a4 Ra2 37. Ke3 Kg8 38. f3 Kh8 39. Kf4 Ra3
40. Ke4 Kh7 41. g4 Ra1 42. a5 Ra2 43. f4 Ra1 44. Kf5 Ra2 45. g5 hxg5 46. fxg5
Rf2+ 47. Ke4 Re2+ 48. Kf3 Re5 49. Kf4 Rc5 50. h6 Kh8 51. g6 gxh6 52. Rh7+ Kg8
53. a6 Rc4+ 54. Ke5 Rc5+ 55. Kd4 Ra5 56. a7 h5 57. Ke4 h4 58. Kf3 Ra3+ 59. Kg2
Rg3+ 60. Kh2 Rxg6 61. Rb7 1-0

[Event "4NCL/Div1/AD1 vs. 3CS1"]
[Site "Telford ENG"]
[Date "2004.01.18"]
[Round "4.5"]
[White "Wheeler, Darren P"]
[Black "Bentley, John L"]
[Result "1/2-1/2"]
[WhiteElo "2243"]
[BlackElo "2218"]
[PlyCount "81"]
[EventDate "2004.01.18"]

1. e4 c5 2. f4 d5 3. exd5 Nf6 4. Bb5+ Nbd7 5. Nc3 a6 6. Be2 Nb6 7. Bf3 Nbxd5 8.
Nxd5 Nxd5 9. d4 c4 10. a4 e6 11. c3 Be7 12. Qe2 Qc7 13. Nh3 b6 14. f5 Ra7 15.
O-O O-O 16. Bxd5 exd5 17. g4 f6 18. Nf4 Qc6 19. Qg2 Rd8 20. Re1 Bf8 21. a5 b5
22. Bd2 Re7 23. Rxe7 Bxe7 24. Re1 Bf8 25. h4 Bb7 26. g5 Re8 27. Rxe8 Qxe8 28.
gxf6 Qf7 29. fxg7 Qxg7 30. Ne6 Qxg2+ 31. Kxg2 Bc8 32. Kf3 Bd6 33. Bf4 Be7 34.
Kg4 Kf7 35. Ng5+ Kg8 36. Bc7 h6 37. Nf3 Kg7 38. Kf4 Kf6 39. Be5+ Kf7 40. Bc7
Kf6 41. Be5+ 1/2-1/2

[Event "4NCL/Div1/AD1 vs. 3CS1"]
[Site "Telford ENG"]
[Date "2004.01.18"]
[Round "4.6"]
[White "Ashton, Adam G"]
[Black "Anderton, David W"]
[Result "1-0"]
[WhiteElo "2235"]
[BlackElo "2256"]
[PlyCount "101"]
[EventDate "2004.01.18"]

1. e4 e6 2. d4 d5 3. Nc3 Nf6 4. e5 Nfd7 5. Nf3 c5 6. dxc5 Nc6 7. Bf4 Bxc5 8.
Bd3 f6 9. exf6 Nxf6 10. Qe2 O-O 11. O-O-O Bd7 12. Kb1 a6 13. Ne5 Qe7 14. Rhe1
Rae8 15. h4 b5 16. Ka1 b4 17. Nb1 Nd4 18. Qd2 Bb5 19. Be3 Bxd3 20. Qxd3 Nb5 21.
f3 Qc7 22. Bxc5 Qxc5 23. g4 Re7 24. h5 Rc8 {(=)} 25. Re2 d4 26. h6 Nd5 27. Qe4
Ne3 28. Rc1 Nd6 29. Qf4 Rf8 30. Qh2 Ndc4 31. Nxc4 Qxc4 32. hxg7 Rxg7 33. Nd2
Qb5 34. Nb3 e5 35. Rf2 a5 36. Nd2 a4 37. Ne4 a3 38. b3 Rf4 39. Rd2 Qc6 40. Rd3
Nxg4 41. Qh5 Qg6 42. Qh3 Ne3 43. Qc8+ Rf8 44. Qc5 Qf5 45. Kb1 Rg2 46. Nd6 Qg5 {
(=)} 47. Qxb4 Rg1 48. Qxa3 Rxc1+ 49. Qxc1 Rxf3 50. Rd1 Rg3 51. Ne4 1-0

[Event "4NCL/Div1/AD1 vs. 3CS1"]
[Site "Telford ENG"]
[Date "2004.01.18"]
[Round "4.7"]
[White "Wallace, Paul"]
[Black "Walton, Alan J"]
[Result "1/2-1/2"]
[WhiteElo "2166"]
[BlackElo "2126"]
[PlyCount "100"]
[EventDate "2004.01.18"]

1. e4 e6 2. d4 d5 3. Nc3 Nf6 4. Bg5 Be7 5. e5 Nfd7 6. Bxe7 Qxe7 7. f4 O-O 8.
Nf3 c5 9. dxc5 Nxc5 10. Bd3 f5 11. O-O Nc6 12. Kh1 Bd7 13. Qd2 a6 14. Ne2 Rad8
15. Ned4 Ne4 16. Qe2 Nxd4 17. Nxd4 Qh4 18. Qe3 Rc8 19. c3 Rc7 20. Rad1 Qe7 21.
h3 Ba4 22. Rc1 Rfc8 23. Kh2 Bd7 24. Rg1 b5 25. a3 Qc5 26. g4 a5 27. Rc2 Qa7 28.
Rcg2 g6 29. Qe1 Qb6 30. Qh4 Rf8 31. gxf5 exf5 32. e6 Be8 33. Bxe4 dxe4 34. Qd8
Qc5 35. Nxf5 Qxf5 36. Qxc7 Qxe6 37. Re1 Bc6 38. Re3 Rf7 39. Qd8+ Rf8 40. Qc7
Rf7 41. Qd8+ Rf8 42. Qh4 Qd6 43. Rf2 Rf5 {(=)} 44. Kg2 Kg7 45. Qg4 Qc5 46. Rfe2
Qd6 47. Rf2 Qc5 48. Qg3 Qd6 49. Qg4 Qc5 50. Qg3 Qd6 1/2-1/2

[Event "4NCL/Div1/AD1 vs. 3CS1"]
[Site "Telford ENG"]
[Date "2004.01.18"]
[Round "4.8"]
[White "Kosteniuk, Oxana"]
[Black "Bellin, Jana"]
[Result "0-1"]
[WhiteElo "2113"]
[BlackElo "2209"]
[PlyCount "96"]
[EventDate "2004.01.18"]

1. e4 c5 2. Nf3 e6 3. d4 cxd4 4. Nxd4 a6 5. Bd3 Nf6 6. O-O Qc7 7. c4 d6 8. Nc3
g6 9. Be3 Bg7 10. Rc1 Nbd7 11. b3 O-O 12. f3 b6 13. Qd2 Bb7 14. Rfd1 Rac8 15.
Qf2 Qb8 16. Nde2 Ba8 17. Rd2 Rfd8 18. Rcd1 Bf8 19. Kh1 Nc5 20. Bg5 Be7 21. Qh4
Ncd7 22. a3 Re8 23. b4 Qc7 24. c5 bxc5 25. Bxa6 Rb8 26. Bb5 Bc6 27. Bxc6 Qxc6
28. b5 Qc7 29. a4 Kg7 30. Qh6+ Kh8 31. Qh4 Kg7 32. Qh6+ Kh8 33. Bf4 Ne5 34. Qh3
Nc4 35. Ra2 Nh5 36. Bh6 Qa5 37. g4 Nf6 38. Qf1 Nd7 39. Qe1 Nde5 40. Kg2 Red8
41. Kg3 g5 42. f4 gxf4+ 43. Nxf4 Rg8 44. g5 Bxg5 45. Bxg5 Rxg5+ 46. Kf2 Rbg8
47. Rb1 Qd8 48. Ke2 Rg2+ 0-1

[Event "4NCL/Div1/RIC vs. SLO1"]
[Site "Telford ENG"]
[Date "2004.03.20"]
[Round "5.1"]
[White "Wall, Gavin"]
[Black "Shaw, John"]
[Result "1/2-1/2"]
[WhiteElo "2413"]
[BlackElo "2465"]
[PlyCount "81"]
[EventDate "2004.03.20"]

1. e4 c5 2. Nf3 Nc6 3. Bb5 g6 4. O-O Bg7 5. Nc3 e5 6. Bxc6 dxc6 7. d3 Qe7 8.
Be3 Bg4 9. h3 Bxf3 10. Qxf3 Nf6 11. Qg3 Nh5 12. Qg4 O-O 13. a4 c4 14. dxc4 Qb4
15. Rab1 Qxc4 16. Rfd1 Qb4 17. Qh4 {(=)} 17... Bf6 18. Bg5 Kg7 19. Bxf6+ Nxf6
20. Qg5 Rfe8 21. Qe3 Red8 22. Rxd8 Rxd8 23. b3 Rd4 24. f3 Qd6 25. Rf1 Nh5 26.
Rf2 Nf4 27. Kh2 Qd7 28. Ne2 Nxe2 29. Rxe2 b5 30. axb5 cxb5 31. c3 Rd3 32. Qc5
Qe6 33. Qxb5 Rxc3 34. Qa5 Rxb3 35. Qxa7 Qf6 36. Qf2 h5 37. h4 Rb1 38. Re1 Rxe1
39. Qxe1 Qf4+ 40. Kh3 f6 41. Qb4 1/2-1/2

[Event "4NCL/Div1/RIC vs. SLO1"]
[Site "Telford ENG"]
[Date "2004.03.20"]
[Round "5.2"]
[White "McNab, Colin A"]
[Black "Bates, Richard A"]
[Result "1/2-1/2"]
[WhiteElo "2388"]
[BlackElo "2376"]
[PlyCount "40"]
[EventDate "2004.03.20"]

1. c4 g6 2. g3 Bg7 3. Bg2 Nf6 4. Nf3 O-O 5. O-O c6 6. d4 d5 7. cxd5 cxd5 8. Ne5
e6 9. Nc3 Nfd7 10. f4 Nc6 11. Be3 Nb6 12. Bf2 Ne7 13. Rc1 f6 14. Nd3 f5 15. Ne5
Bd7 16. Qd2 Nbc8 17. Rc2 Nd6 18. Rfc1 Rc8 19. b3 Be8 20. e3 Nc6 1/2-1/2

[Event "4NCL/Div1/RIC vs. SLO1"]
[Site "Telford ENG"]
[Date "2004.03.20"]
[Round "5.3"]
[White "Van de Griendt, Jan W"]
[Black "Howell, David W L"]
[Result "1-0"]
[WhiteElo "2373"]
[BlackElo "2304"]
[PlyCount "101"]
[EventDate "2004.03.20"]

1. d4 Nf6 2. c4 g6 3. Nc3 d5 4. Bf4 Bg7 5. Rc1 O-O 6. Nf3 dxc4 7. e3 Be6 8. Ng5
Bd5 9. e4 h6 10. exd5 hxg5 11. Bxg5 Nxd5 12. Bxc4 Nxc3 13. bxc3 c5 14. h4 cxd4
15. h5 Qa5 16. hxg6 Qxg5 17. gxf7+ Rxf7 18. Bxf7+ Kxf7 19. Qb3+ Kf8 20. O-O Nd7
21. cxd4 Bxd4 22. Rcd1 e5 23. Rd3 Ke7 24. Rg3 Qf6 25. Qxb7 Rb8 26. Qe4 Rb2 27.
Qh7+ Kd8 28. Rf3 Qe6 29. Rc1 Nf6 30. Qh8+ Ne8 31. Qh4+ Kd7 32. Qh7+ Kd8 33.
Qh4+ Kd7 34. Qh7+ Kd8 35. Qe4 Nc7 36. Qh4+ Kc8 37. Rf6 Qe7 38. Qg4+ Kb8 39.
Qg8+ Kb7 40. Rf7 Rxf2 41. Rxf2 e4 42. Qc4 Bxf2+ 43. Kxf2 Qf6+ 44. Ke2 Qb2+ 45.
Rc2 Qe5 46. Qc6+ Kb8 47. Qc5 Qf4 48. Qxc7+ Qxc7 49. Rxc7 Kxc7 50. Ke3 Kc6 51.
Kxe4 1-0

[Event "4NCL/Div1/RIC vs. SLO1"]
[Site "Telford ENG"]
[Date "2004.03.20"]
[Round "5.4"]
[White "Dearing, Eddie"]
[Black "Webb, Laurence E"]
[Result "1-0"]
[WhiteElo "2376"]
[BlackElo "2344"]
[PlyCount "131"]
[EventDate "2004.03.20"]

1. d4 Nf6 2. c4 e6 3. Nc3 Bb4 4. Qc2 c5 5. dxc5 Bxc3+ 6. Qxc3 Ne4 7. Qa3 Qe7 8.
Be3 b6 9. g3 Nxc5 10. Bg2 Nc6 11. Nf3 Bb7 12. O-O O-O 13. Rfd1 a5 14. Nd2 d6
15. Rac1 Nb4 16. Nf3 Rfd8 {(=)} 17. b3 Rab8 18. Bd2 Nc6 19. Qb2 f6 20. Be3 Ne5
21. Qc2 Rbc8 22. Ne1 Qf7 23. Rd4 Bxg2 24. Nxg2 Nc6 25. Rd2 Rd7 26. Rcd1 Rcd8
27. Nf4 Ne5 28. f3 Ng6 29. a3 Nxf4 30. Bxf4 d5 31. cxd5 e5 32. b4 axb4 33. axb4
Na6 34. Qa4 Nxb4 35. Qxb4 exf4 36. Qxb6 fxg3 37. hxg3 Rd6 38. Qc5 Qg6 39. Kg2
f5 40. Qe3 Qf7 41. Qe5 Qf6 42. Qxf6 gxf6 43. Kf2 Kf7 44. Ke3 Kg6 45. Kf4 Re8
46. e3 Re5 47. Rd4 h5 48. R1d3 Kf7 49. Rd2 Kg7 50. e4 Kg6 51. Rc4 fxe4 52. fxe4
Rd7 53. Rc6 Rg5 54. Rd3 Rg4+ 55. Kf3 Rg5 56. Rdc3 Re5 57. Kf4 Rde7 58. R3c4 Kf7
59. Rd4 Rd7 60. Rc8 Rg5 61. Rd3 Re5 62. Rdc3 Rde7 63. d6 Rd7 64. R3c7 Rxc7 65.
dxc7 Rc5 66. Rh8 1-0

[Event "4NCL/Div1/RIC vs. SLO1"]
[Site "Telford ENG"]
[Date "2004.03.20"]
[Round "5.5"]
[White "Johnstone, Paul E"]
[Black "Devereaux, Maxim"]
[Result "1-0"]
[WhiteElo "2303"]
[BlackElo "2331"]
[PlyCount "75"]
[EventDate "2004.03.20"]

1. Nf3 d5 2. c4 c6 3. g3 Nf6 4. b3 Bg4 5. Bg2 Nbd7 6. Ba3 a5 7. d4 Bxf3 8. Bxf3
b5 9. O-O b4 10. Bb2 e6 11. Nd2 Be7 12. e4 O-O 13. e5 Ne8 14. Bg4 Nc7 15. c5 f5
16. exf6 Bxf6 17. Qc2 Qe7 18. Rfe1 g6 19. Rad1 Qg7 20. Nf3 Rae8 21. h4 Bd8 22.
Ng5 Bxg5 23. hxg5 e5 24. dxe5 Ne6 25. Bxe6+ Rxe6 26. f4 Rb8 27. Kg2 Qf8 28. Bd4
Rb5 29. Rc1 Qa8 30. g4 Qd8 31. Re3 Nf8 32. Qe2 a4 33. f5 Re8 34. e6 Qxg5 35. f6
Rxe6 36. Rxe6 Qxc1 37. f7+ Kxf7 38. Re7+ 1-0

[Event "4NCL/Div1/RIC vs. SLO1"]
[Site "Telford ENG"]
[Date "2004.03.20"]
[Round "5.6"]
[White "Smith, Andrew P"]
[Black "Nixon, Thomas C M"]
[Result "1-0"]
[WhiteElo "2198"]
[BlackElo "2209"]
[PlyCount "84"]
[EventDate "2004.03.20"]

1. e4 e5 2. d4 exd4 3. Qxd4 Nc6 4. Qe3 Nf6 5. Nc3 Bb4 6. Bd2 d6 7. O-O-O Ng4 8.
Qg3 Bc5 9. Nh3 Be6 10. Be1 h5 11. Nf4 h4 12. Qf3 Nce5 13. Nxe6 fxe6 14. Qe2 O-O
15. f4 Rxf4 16. g3 Rf6 17. Bh3 Ne3 18. Rd2 N3c4 19. Rd1 c6 20. Na4 Be3+ 21. Kb1
b5 22. Nc3 b4 23. Na4 c5 24. Rf1 Bd4 25. c3 bxc3 26. Bxc3 Bxc3 27. Nxc3 Rh6 28.
g4 Rb8 29. b3 Qa5 30. Rc1 Qa3 31. Rc2 a5 32. Ka1 Rxb3 33. Nb1 Rxb1+ 34. Rxb1
Qxh3 35. g5 Rh7 36. g6 Nd7 37. gxh7+ Kxh7 38. Qh5+ Kg8 39. Qe8+ Kh7 40. Qxd7
Na3 41. Rcc1 Qd3 42. Rb2 Qd4 1-0

[Event "4NCL/Div1/RIC vs. SLO1"]
[Site "Telford ENG"]
[Date "2004.03.20"]
[Round "5.7"]
[White "Franklin, Michael J"]
[Black "Johnson, Nigel A"]
[Result "1-0"]
[WhiteElo "2224"]
[BlackElo "1664"]
[PlyCount "75"]
[EventDate "2004.03.20"]

1. d4 d6 2. Nf3 Bg4 3. c3 Bxf3 4. exf3 Nf6 5. Qb3 Qc8 6. Bg5 e6 7. Bxf6 gxf6 8.
Nd2 Be7 9. g3 Nd7 10. Bh3 f5 11. f4 Nb6 12. a4 a5 13. c4 d5 14. Qb5+ Qd7 15. c5
Qxb5 16. axb5 Nc8 17. b4 b6 18. O-O bxc5 19. bxc5 Bf6 20. Nf3 Kd7 21. Ra4 Ne7
22. Rfa1 Rhb8 23. Bf1 h6 24. Rxa5 Rxa5 25. Rxa5 Bg7 26. Ne5+ Bxe5 27. fxe5 f4
28. Bd3 fxg3 29. hxg3 Rg8 30. Ra7 Nc8 31. Ra8 Rg4 32. Ra4 Ke7 33. Kg2 Rg5 34.
f4 Rg7 35. Ra8 Kd7 36. c6+ Kd8 37. b6 cxb6 38. Ba6 1-0

[Event "4NCL/Div1/MMNWE1 vs. WGR1"]
[Site "Telford ENG"]
[Date "2004.03.20"]
[Round "5.1"]
[White "Quillan, Gary"]
[Black "McShane, Luke"]
[Result "0-1"]
[WhiteElo "2323"]
[BlackElo "2651"]
[PlyCount "64"]
[EventDate "2004.03.20"]

1. e4 c5 2. Nc3 Nc6 3. f4 g6 4. Nf3 Bg7 5. Bb5 Nd4 6. O-O a6 7. Bd3 d6 8. Nxd4
cxd4 9. Ne2 Nf6 10. b3 O-O 11. Bb2 e5 12. Qe1 b5 13. a4 bxa4 14. Rxa4 Bb7 15.
Ng3 Nd7 16. Ra1 exf4 17. Rxf4 Be5 18. Rf3 f5 19. Bc4+ Kh8 20. d3 Nf6 21. h3 Qe7
22. Kh1 fxe4 23. dxe4 Nd7 24. Rxf8+ Rxf8 25. Rd1 Qg7 26. Bd5 Bxd5 27. exd5 Rc8
28. Rd2 Nc5 29. Ne4 Nxe4 30. Qxe4 Rf8 31. Bxd4 Rf1+ 32. Bg1 Qa7 0-1

[Event "4NCL/Div1/MMNWE1 vs. WGR1"]
[Site "Telford ENG"]
[Date "2004.03.20"]
[Round "5.2"]
[White "Baburin, Alexander"]
[Black "Crouch, Colin S"]
[Result "1/2-1/2"]
[WhiteElo "2541"]
[BlackElo "2365"]
[PlyCount "68"]
[EventDate "2004.03.20"]

1. d4 Nf6 2. c4 e6 3. g3 c5 4. d5 exd5 5. cxd5 d6 6. Nc3 Be7 7. Bg2 O-O 8. Nf3
Na6 9. O-O Nc7 10. a3 b5 11. b4 Bb7 12. e4 Nd7 13. bxc5 Nxc5 14. Nd4 Bf6 15.
Rb1 Re8 16. Bf4 a5 17. Re1 b4 18. axb4 axb4 19. Ncb5 Nxb5 20. Nxb5 Ra6 21. Nxd6
Rxd6 22. e5 g5 23. Be3 Rxe5 24. Bxc5 Rdxd5 25. Qa4 Rxc5 26. Bxb7 Qd2 27. Red1
Qc2 28. Qxc2 Rxc2 29. Rxb4 Ree2 30. Be4 Rcd2 31. Rxd2 Rxd2 32. Rc4 Bd4 33. Rc2
Bxf2+ 34. Kg2 Rxc2 1/2-1/2

[Event "4NCL/Div1/MMNWE1 vs. WGR1"]
[Site "Telford ENG"]
[Date "2004.03.20"]
[Round "5.4"]
[White "Lalic, Bogdan"]
[Black "Lund, D Brett"]
[Result "1-0"]
[WhiteElo "2518"]
[BlackElo "2231"]
[PlyCount "81"]
[EventDate "2004.03.20"]

1. Nf3 Nf6 2. c4 d6 3. d4 Nbd7 4. Nc3 e5 5. e4 Be7 6. Be2 O-O 7. O-O c6 8. Qc2
Re8 9. Rd1 Bf8 10. d5 c5 11. a3 Nh5 12. g3 g6 13. b4 Ng7 14. Bh6 b6 15. Nh4 Be7
16. Ng2 Nf6 17. Bd2 Rf8 18. bxc5 bxc5 19. f4 exf4 20. gxf4 Nd7 21. Rab1 f5 22.
Bd3 Bf6 23. exf5 Nxf5 24. Bxf5 Bd4+ 25. Be3 Rxf5 26. Bxd4 cxd4 27. Nb5 d3 28.
Qxd3 Nc5 29. Qf3 Rh5 30. Nd4 Rh3 31. Qe2 Bf5 32. Nxf5 gxf5 33. Ne3 Kf7 34. Nxf5
Qf6 35. Nd4 Rg8+ 36. Kh1 Rgg3 37. Ne6 Re3 38. Qg4 Nxe6 39. dxe6+ Qxe6 40. Rb7+
Ke8 41. Rb8+ 1-0

[Event "4NCL/Div1/MMNWE1 vs. WGR1"]
[Site "Telford ENG"]
[Date "2004.03.20"]
[Round "5.5"]
[White "Hague, Ben"]
[Black "Turner, Matthew J"]
[Result "1/2-1/2"]
[WhiteElo "2227"]
[BlackElo "2506"]
[PlyCount "41"]
[EventDate "2004.03.20"]

1. e4 c5 2. d4 cxd4 3. c3 d5 4. exd5 Qxd5 5. cxd4 Nf6 6. Nc3 Qd6 7. Bc4 e6 8.
Nf3 Be7 9. O-O O-O 10. Ne5 Nc6 11. Bf4 Qd8 12. d5 Nxe5 13. Bxe5 Nd7 14. Bf4 Nb6
15. Bb3 exd5 16. Nxd5 Nxd5 17. Bxd5 Bf6 18. Re1 Qb6 19. Bd6 Bg4 20. Qxg4 Qxd6
21. Rad1 1/2-1/2

[Event "4NCL/Div1/MMNWE1 vs. WGR1"]
[Site "Telford ENG"]
[Date "2004.03.20"]
[Round "5.6"]
[White "Ward, Christopher"]
[Black "Tebb, David J"]
[Result "1-0"]
[WhiteElo "2522"]
[BlackElo "2240"]
[PlyCount "71"]
[EventDate "2004.03.20"]

1. d4 Nf6 2. c4 g6 3. f3 Nc6 4. Nc3 d5 5. cxd5 Nxd5 6. e4 Nxc3 7. bxc3 Bg7 8.
Bb5 Bd7 9. Ne2 O-O 10. Bg5 a6 11. Bd3 b5 12. Rb1 Na5 13. h4 h6 14. Be3 Nc4 15.
Bxc4 bxc4 16. Qd2 Rb8 17. Kf2 Rxb1 18. Rxb1 e5 19. dxe5 Bxe5 20. g3 Be6 21.
Bxh6 Qxd2 22. Bxd2 f5 23. Bf4 Bg7 24. Nd4 Bxd4+ 25. cxd4 fxe4 26. fxe4 c3 27.
Rc1 Bxa2 28. Rxc3 Rb8 29. Bxc7 Rb2+ 30. Ke3 Rb3 31. Rxb3 Bxb3 32. d5 Kf7 33.
Kd4 Ke7 34. e5 Kd7 35. Ba5 Bd1 36. e6+ 1-0